| 000 | 01089nam0a22002651 4500 | ||
|---|---|---|---|
| 001 | rc\2335323 | ||
| 005 | 20260407132348.0 | ||
| 035 | _a(NLR Aleph) 006677617 | ||
| 090 |
_a5049290 _c5049290 |
||
| 100 | _a20110829d1977 |||y0rusy50 ca | ||
| 101 | 0 | _arus | |
| 102 | _aRU | ||
| 105 | _aa z ||||| | ||
| 200 | 1 |
_aРуководство по проектированию железобетонных сборно-монолитных конструкций _fНауч.-исслед. ин-т бетона и железобетона Госстроя СССР |
|
| 210 |
_aМосква _cСтройиздат _d1977 |
||
| 215 |
_a62 с. _cчерт. _d20 |
||
| 606 |
_aЖелезобетонные конструкции, сборно-монолитные _xПроектирование _2rkp |
||
| 712 | 0 | 2 |
_aНИИ бетона и железобетона _cМосква _3RU\NLR\AUTH\889993516 _9483522 |
| 801 | 0 |
_aRU _bNLR _gpsbo |
|
| 801 | 1 |
_aRU _bELAR _2rusmarc |
|
| 852 |
_aNLR _j77-4/30073 |
||
| 899 |
_aRuMoRGB _jБ 77-56/3054 |
||
| 899 |
_aRuMoRGB _jБ 77-56/3055 |
||
| 942 | _cBOOK | ||
| 980 | _aNB | ||